[Event "London Central op-A"]
[Site "London"]
[Date "2022.04.24"]
[Round "4"]
[White "Franco, Gaston Nicolas"]
[Black "Finn, Peter"]
[Result "1/2-1/2"]
[WhiteElo "2041"]
[BlackElo "2029"]
[PlyCount "51"]
[EventDate "2022.04.22"]
[EventType "swiss"]
[EventRounds "5"]
[EventCountry "ENG"]
[SourceTitle "EXT 2024"]
[Source "ChessBase"]
[SourceDate "2023.10.10"]
[SourceVersion "1"]
[SourceVersionDate "2023.10.10"]
[SourceQuality "1"]

1. e4 c5 2. Nf3 Nc6 3. d4 cxd4 4. Nxd4 Nf6 5. Nc3 e6 6. Ndb5 d6 7. Bf4 e5 8. Bg5 a6 9. Na3 b5 10. Nd5 Be7 11. Bxf6 Bxf6 12. c3 0-0 13. Nc2 Rb8 14. h4 g6 15. g3 Bg7 16. h5 Ne7 17. Nce3 Nxd5 18. Nxd5 Be6 19. Bh3 Bxd5 20. Qxd5 Qb6 21. Rd1 Rfd8 22. hxg6 hxg6 23. Rd3 Qb7 24. Ke2 Qxd5 25. Rxd5 Kf8 26. Rhd1 1/2-1/2

[Event "London Central op-A"]
[Site "London"]
[Date "2022.04.22"]
[Round "1"]
[White "Morgan, David1111"]
[Black "Franco, Gaston Nicolas"]
[Result "0-1"]
[WhiteElo "1520"]
[BlackElo "2041"]
[PlyCount "136"]
[EventDate "2022.04.22"]
[EventType "swiss"]
[EventRounds "5"]
[EventCountry "ENG"]
[SourceTitle "EXT 2024"]
[Source "ChessBase"]
[SourceDate "2023.10.10"]
[SourceVersion "1"]
[SourceVersionDate "2023.10.10"]
[SourceQuality "1"]

1. c4 e6 2. e4 c5 3. Nc3 Nc6 4. g3 g6 5. Bg2 Bg7 6. Nge2 Nge7 7. d3 0-0 8. Bg5 h6 9. Be3 Nd4 10. 0-0 Nec6 11. Rb1 a6 12. f4 d6 13. Bf2 Rb8 14. Nxd4 Nxd4 15. Ne2 b5 16. Nxd4 cxd4 17. cxb5 Rxb5 18. a4 Rb4 19. Be1 Rb8 20. b4 Bd7 21. Qb3 Qb6 22. Bd2 Rfc8 23. Rfc1 e5 24. Rxc8+ Rxc8 25. Bf3 Rc6 26. Rc1 Rxc1+ 27. Bxc1 Qc6 28. Bd2 Qxa4 29. Qxa4 Bxa4 30. h4 h5 31. Kf2 Bh6 32. Ke2 Kf8 33. f5 Bxd2 34. Kxd2 Ke7 35. g4 hxg4 36. Bxg4 Kf6 37. fxg6 fxg6 38. Bc8 Bb5 39. Kc2 g5 40. hxg5+ Kxg5 41. Kd2 Kf6 42. Bb7 Ke7 43. Kc2 Kd8 44. Kd2 Kc7 45. Bd5 Kb6 46. Be6 Bc6 47. Bc4 Bb7 48. Ke1 a5 49. bxa5+ Kxa5 50. Kd2 Kb4 51. Bg8 Bc6 52. Bf7 Ba4 53. Bd5 Bb3 54. Ba8 Kc5 55. Bb7 Be6 56. Ba8 d5 57. exd5 Bxd5 58. Bxd5 Kxd5 59. Kd1 Kd6 60. Kd2 Ke7 61. Ke1 Kf7 62. Ke2 Ke6 63. Kf2 Kd6 64. Ke2 Kc5 65. Kd2 Kb4 66. Kc2 Ka3 67. Kc1 Kb3 68. Kd1 Kc3 0-1

[Event "Buenos Aires Rubinstein Memorial 26th"]
[Site "Buenos Aires"]
[Date "2016.08.06"]
[Round "1"]
[White "Franco, Gaston Nicolas"]
[Black "Bosco, Giuliana"]
[Result "1-0"]
[WhiteElo "2028"]
[BlackElo "1526"]
[PlyCount "37"]
[EventDate "2016.08.06"]
[EventType "swiss"]
[EventRounds "8"]
[EventCountry "ARG"]
[SourceTitle "CBM 174 Extra"]
[Source "ChessBase"]
[SourceDate "2016.10.10"]
[SourceVersion "1"]
[SourceVersionDate "2016.10.10"]
[SourceQuality "1"]

1. e4 e6 2. Qe2 d5 3. d3 c5 4. g3 Nc6 5. c3 Nf6 6. Bg2 Be7 7. Nf3 b6 8. 0-0 Bb7 9. h4 h6 10. Re1 Nd7 11. Bf4 g5 12. exd5 gxf4 13. dxe6 fxe6 14. Qxe6 Qc7 15. Nd4 0-0-0 16. Nb5 Qb8 17. Bxc6 Bxc6 18. Qxc6+ Qc7 19. Qxc7# 1-0

[Event "Latin Cup-A 6th"]
[Site "Buenos Aires"]
[Date "2015.03.23"]
[Round "7"]
[White "Franco, Gaston Nicolas"]
[Black "Palmero, Pablo"]
[Result "0-1"]
[WhiteElo "2037"]
[BlackElo "2104"]
[PlyCount "66"]
[EventDate "2015.03.19"]
[EventType "swiss"]
[EventRounds "9"]
[EventCountry "ARG"]
[SourceTitle "CBM 165 Extra"]
[Source "ChessBase"]
[SourceDate "2015.04.21"]
[SourceVersion "1"]
[SourceVersionDate "2015.04.21"]
[SourceQuality "1"]

1. e4 c5 2. Nf3 d6 3. d4 cxd4 4. Nxd4 Nf6 5. Nc3 a6 6. Bc4 e6 7. Bb3 Nbd7 8. 0-0 Nc5 9. Qe2 Be7 10. Kh1 0-0 11. f4 d5 12. exd5 Nxb3 13. cxb3 Nxd5 14. Nc2 b5 15. Ne3 Nxc3 16. bxc3 Bb7 17. c4 Bf6 18. Bb2 Bxb2 19. Qxb2 Qd3 20. Rfe1 Rad8 21. cxb5 Qxb5 22. Nc4 Rd5 23. Rad1 Rfd8 24. Qe2 h6 25. h3 Rxd1 26. Rxd1 Rxd1+ 27. Qxd1 Qf5 28. Qg4 Qb1+ 29. Kh2 Qxa2 30. Ne5 a5 31. Qg3 Bd5 32. Qg4 Qxb3 33. Qh4 Qb2 0-1

[Event "ARG-chT"]
[Site "Villa Martelli"]
[Date "2014.09.13"]
[Round "3.1"]
[White "Harper, Horacio Guillermo"]
[Black "Franco, Gaston Nicolas"]
[Result "0-1"]
[WhiteElo "2119"]
[BlackElo "2028"]
[PlyCount "96"]
[EventDate "2014.08.30"]
[EventType "team-tourn"]
[EventRounds "9"]
[EventCountry "ARG"]
[SourceTitle "EXT 2015"]
[Source "ChessBase"]
[SourceDate "2014.11.20"]
[SourceVersion "1"]
[SourceVersionDate "2014.11.20"]
[SourceQuality "1"]
[WhiteTeam "Pergamino"]
[BlackTeam "Mar del Plata"]
[WhiteTeamCountry "ARG"]
[BlackTeamCountry "ARG"]

1. d4 Nf6 2. c4 e6 3. g3 d5 4. Nf3 Bb4+ 5. Bd2 Be7 6. Bg2 0-0 7. 0-0 c6 8. Qc2 Ne4 9. Bf4 f5 10. Nfd2 g5 11. Bxb8 Rxb8 12. Nxe4 fxe4 13. Nd2 Bf6 14. Nb3 g4 15. f3 exf3 16. exf3 gxf3 17. Rxf3 Bd7 18. Re1 Qb6 19. c5 Qc7 20. Bh3 Rbe8 21. Rfe3 Bg5 22. Re5 Bh6 23. Rh5 Rf6 24. Nc1 Re7 25. Rhe5 Bg7 26. Rh5 Rg6 27. Qc3 e5 28. dxe5 Bxh3 29. Rxh3 Bxe5 30. Qd2 Bd4+ 31. Kh1 Bxc5 32. Nd3 Bd6 33. Rh5 Qd7 34. Rf1 Rf7 35. Re1 Qg4 36. Qe2 Rf1+ 37. Kg2 Rxe1 38. Qxg4 Rxg4 39. Nxe1 Rd4 40. Nf3 Rc4 41. Ng5 Rc2+ 42. Kf3 Be7 43. Nxh7 Rxb2 44. g4 Rxa2 45. g5 Kg7 46. h4 Ra4 47. Rh6 Re4 48. h5 Bxg5 0-1

[Event "ARG-ch 87th"]
[Site "Villa Martelli"]
[Date "2013.04.06"]
[Round "4"]
[White "Leal, Jorge Augusto"]
[Black "Franco, Gaston Nicolas"]
[Result "1/2-1/2"]
[WhiteElo "1863"]
[BlackElo "2042"]
[PlyCount "70"]
[EventDate "2013.04.03"]
[EventType "swiss"]
[EventRounds "11"]
[EventCountry "ARG"]
[SourceTitle "CBM 153 Extra"]
[Source "ChessBase"]
[SourceDate "2013.04.22"]
[SourceVersion "1"]
[SourceVersionDate "2013.04.22"]
[SourceQuality "1"]

1. Nf3 Nf6 2. d4 b6 3. Bf4 Ba6 4. Nbd2 d5 5. c4 dxc4 6. Rc1 b5 7. b3 c3 8. Nb1 b4 9. a3 e6 10. Bg5 bxa3 11. Nxc3 Nbd7 12. e4 Bxf1 13. Kxf1 Qb8 14. e5 Nd5 15. Nxd5 exd5 16. g3 h6 17. Bf4 Be7 18. e6 Qb5+ 19. Kg2 fxe6 20. Ne5 Nxe5 21. Bxe5 0-0 22. Qg4 Rf7 23. Rxc7 Qxb3 24. Rf1 Qb6 25. Rfc1 a2 26. R7c2 Qb1 27. Qd1 Qb6 28. Rxa2 Bd6 29. Rb1 Qd8 30. Qe2 Bxe5 31. Qxe5 Qf6 32. Qe3 Rc7 33. Ra6 Re8 34. Re1 Kf7 35. Qe2 Qf5 1/2-1/2

[Event "LNA Puma Cup"]
[Site "Argentina"]
[Date "2007.09.09"]
[Round "5"]
[White "Franco, Gaston Nicolas"]
[Black "Gomez, Carlos David"]
[Result "0-1"]
[WhiteElo "2004"]
[BlackElo "2210"]
[PlyCount "82"]
[EventDate "2007.08.11"]
[EventType "team"]
[EventRounds "9"]
[EventCountry "ARG"]
[SourceTitle "CBM 120 Extra"]
[Source "ChessBase"]
[SourceDate "2007.11.01"]
[SourceVersion "1"]
[SourceVersionDate "2007.11.01"]
[SourceQuality "1"]

1. e4 c5 2. Nf3 e6 3. d4 cxd4 4. Nxd4 Nf6 5. Nc3 Nc6 6. Be2 Bb4 7. Nxc6 bxc6 8. e5 Ne4 9. Bd2 Bxc3 10. Bxc3 Nxc3 11. bxc3 Qg5 12. 0-0 Qxe5 13. Qd3 a5 14. Rad1 0-0 15. f4 Qc5+ 16. Kh1 Ba6 17. c4 d5 18. f5 Bxc4 19. Qc3 Qb4 20. Qe3 Bxe2 21. Qxe2 exf5 22. Rxf5 Rae8 23. Qf2 Qg4 24. Rf3 Re6 25. Rf1 f6 26. h3 Qc4 27. Re1 Rfe8 28. Rfe3 Rxe3 29. Rxe3 Rxe3 30. Qxe3 Kf7 31. Qa7+ Kg6 32. Qxa5 Qxc2 33. Qb4 Qc4 34. Qb1+ f5 35. g4 Qe4+ 36. Qxe4 fxe4 37. a4 c5 38. Kg1 c4 39. Kf1 c3 40. Ke1 d4 41. a5 e3 0-1